Internal Organization of the Cell (Record no. 308421)

MARC details
000 -LEADER
fixed length control field 00310pam a2200133a 44500
008 - FIXED-LENGTH DATA ELEMENTS--GENERAL INFORMATION
fixed length control field 230405s2017 xxu||||| |||| 00| 0 eng d
041 ## - LANGUAGE CODE
Language code of text/sound track or separate title ENG
100 ## - MAIN ENTRY--PERSONAL NAME
Personal name Zerox copy
245 ## - TITLE STATEMENT
Title Internal Organization of the Cell
260 ## - PUBLICATION, DISTRIBUTION, ETC.
Place of publication, distribution, etc.
Name of publisher, distributor, etc. zerox copy
Date of publication, distribution, etc. 2017
300 ## - PHYSICAL DESCRIPTION
Extent 1125p.
440 ## - SERIES STATEMENT/ADDED ENTRY--TITLE
Title Rs 844
906 ## - LOCAL DATA ELEMENT F, LDF (RLIN)
a 17923
Holdings
Withdrawn status Lost status Damaged status Not for loan Collection Home library Current library Shelving location Date acquired Total Checkouts Barcode Date last seen Price effective from Koha item type
          Matoshri Bayabai Shripatrao Kadam Kanya Mahavidyalaya, Kadegaon, Sangli Matoshri Bayabai Shripatrao Kadam Kanya Mahavidyalaya, Kadegaon, Sangli   23/11/2017   KVK-PG-0100 18/04/2023 18/04/2023 Book